| 000 | 01082cam a2200217 4500 | ||
|---|---|---|---|
| 001 | WB3822-13 | ||
| 008 | 020620n2002 000 0 eng u | ||
| 035 | _a(Sirsi) u118471 | ||
| 245 | _aUrgent attention needed for Scotland's flats | ||
| 260 | _c2002 | ||
| 490 |
_aRICS Scotland News Release _v 20 June 2002, (2) |
||
| 520 | _aScottish Executive's Review of Private Sector Housing is welcomed by Scottish Chartered Surveyors. They argue that problems of management of flatted properties which are most often in disrepair can be best solved by the introduction of management schemes. RICS Scotland also argues that it would be helpful to review the grant system to include compusory conditions about ongoing maintenance. For the RICS Scotland News Release: http://www.rics-scotland.org.uk/rics_media.html | ||
| 590 | _aWB | ||
| 650 | _aABOUT RICS-RICS WORLDWIDE-RICS SCOTLAND | ||
| 650 | _aPRIVATE SECTOR HOUSING | ||
| 650 | _aHOUSING IMPROVEMENT TASKFORCE | ||
| 650 | _aFLATS | ||
| 650 |
_aRefurbishment _96264 |
||
| 690 | _aHOUSING-PRIVATE RENTED SECTOR | ||
| 942 | _n0 | ||
| 999 |
_c70526 _d70526 |
||